书目信息 |
| 题名: |
悟空传
|
|
| 作者: | 韦大明 主编 ;中国科学院 编著 | |
| 分册: | ||
| 出版信息: | 南京 江苏凤凰科学技术出版社 2025.04 |
|
| 页数: | 292页 | |
| 开本: | 24cm | |
| 丛书名: | ||
| 单 册: | ||
| 中图分类: | P145.9 | |
| 科图分类: | ||
| 主题词: | 暗物质--an wu zhi--普及读物 | |
| 电子资源: | ||
| ISBN: | 978-7-5713-4845-8 | |
| 000 | 01185nam0 2200277 450 | |
| 001 | 95523 | |
| 005 | 20250902155803.91 | |
| 010 | @a978-7-5713-4845-8@dCNY98.00 | |
| 100 | @a20250702d2025 em y0chiy50 ea | |
| 101 | 0 | @achi |
| 102 | @aCN@b320000 | |
| 105 | @aa a 000yy | |
| 106 | @ar | |
| 200 | 1 | @a悟空传@Awu kong zhuan@e暗物质空间探索的中国方案@f韦大明主编@g中国科学院紫金山天文台编著 |
| 210 | @a南京@c江苏凤凰科学技术出版社@d2025.04 | |
| 215 | @a292页@c彩图@d24cm | |
| 300 | @a凤凰传媒 国家出版基金项目 “十四五”时期国家重点出版物出版专项规划项目 典藏版 | |
| 320 | @a有书目 (第292页) | |
| 330 | @a本书以“悟空号”的研制历程、先进技术、所获成果为主体, 着重展现中国人探索暗物质的艰苦历程 ; 同时介绍暗物质的来龙去脉等天文科普知识, 并带来首席科学家对暗物质、暗物质卫星的独特阐释和对暗物质研究的前景展望。 | |
| 517 | 1 | @a暗物质空间探索的中国方案@Aan wu zhi kong jian tan suo de zhong guo fang an |
| 606 | 0 | @a暗物质@Aan wu zhi@j普及读物 |
| 690 | @aP145.9@v5 | |
| 701 | 0 | @a韦大明@Awei da ming@4主编 |
| 712 | 02 | @a中国科学院@Azhong guo ke xue yuan@b紫金山天文台@Bzi jin shan tian wen tai@4编著 |
| 801 | 0 | @aCN@c20250909 |
| 905 | @a河南城建学院图书馆@dP145.9@eW511@f1 | |
| 悟空传:暗物质空间探索的中国方案/韦大明主编/中国科学院紫金山天文台编著.-南京:江苏凤凰科学技术出版社,2025.04 |
| 292页:彩图;24cm |
| 凤凰传媒 国家出版基金项目 “十四五”时期国家重点出版物出版专项规划项目 典藏版 |
| ISBN 978-7-5713-4845-8:CNY98.00 |
| 本书以“悟空号”的研制历程、先进技术、所获成果为主体, 着重展现中国人探索暗物质的艰苦历程 ; 同时介绍暗物质的来龙去脉等天文科普知识, 并带来首席科学家对暗物质、暗物质卫星的独特阐释和对暗物质研究的前景展望。 |
| ● |
| 相关链接 |
|
|
|
正题名:悟空传
索取号:P145.9/W511
 
预约/预借
| 序号 | 登录号 | 条形码 | 馆藏地/架位号 | 状态 | 备注 |
| 1 | 1629581 | 216295818 | 自科库401/401自科库 110排1列6层/ [索取号:P145.9/W511] | 在馆 |